| 000 | 00633nam a22001937a 4500 | ||
|---|---|---|---|
| 999 |
_c61278 _d61278 |
||
| 005 | 20240125105333.0 | ||
| 008 | 240125s2022 enk||||| |||| 00| 0 eng d | ||
| 020 | _a9789356061316 | ||
| 041 | _aeng | ||
| 080 | _a004.6 K-93 | ||
| 100 |
_aKurose, James F. _98731 |
||
| 245 |
_aPearson Computer Networking : _bA Top-Down Approach / _cJames F. Kurose, Keith W. Ross. |
||
| 264 |
_aTamilnadu : _bPearson, _c2022. |
||
| 300 |
_a794 p.: _bill.; _c24 cm. |
||
| 653 | _aკომპიუტერული ქსელები | ||
| 653 | _aინტერნეტი | ||
| 700 |
_aRoss, Keith W. _98734 |
||
| 942 |
_2udc _cᲬᲘᲒᲜᲘ |
||